• 首页
  • 本馆介绍
  • 公告通知
  • 最新文献
  • 馆藏检索
  • 电子资源
  • 读者导购
  • 参考咨询
  • 我的图书馆
  • 登录
  • 详细信息显示
  • 放入我的书架
  • 预约/预借图书
  • 作者相关作品
  • 分类相关作品
  • 丛书相关作品
  • 出版社相关作品

书目信息

  • 表格格式
  • 工作单格式
  • 卡片格式
题名:
怎样使用标点符号
    
 
作者: 苏培成 著
分册:  
出版信息: 北京   北京出版社  1980.02
页数: 99页
开本: 19cm
丛书名: 语文小丛书
单 册:
中图分类: H155
科图分类:
主题词: 汉语--写作 , 汉语--修辞
电子资源:
ISBN:
000 00631nam0 2200241 45
001 0205210848
005 20040428151504.6
010    @dCNY0.21
091    @a9071.51
100    @a20020521d1980 km y0chiy0120 ea
101 0  @achi
105    @a z 000yy
200 1  @a怎样使用标点符号@AZen Yang Shi Yong Biao Dian Fu Hao@f苏培成著@FSu PeiCheng Zhu
210    @a北京@c北京出版社@d1980.02
215    @a99页@d19cm
225    @a语文小丛书
410    @12001 @a语文小丛书
606 0  @a汉语@x写作
606 0  @a汉语@x修辞
690    @aH155@v3
701  0 @a苏培成@4著
801    @aCN@bTSTC@c20020521
905    @dH155@e145@f1@b26205
    
    怎样使用标点符号/苏培成著.-北京:北京出版社,1980.02
    99页;19cm.-(语文小丛书)
    
    
    ISBN :CNY0.21
    
●
相关链接 在E读中查询图书 在五车中查询图书 在当当中查询图书 在豆瓣中查询图书


正题名:怎样使用标点符号     索取号:H155/145         预约/预借

序号 登录号 条形码 馆藏地/架位号 状态 备注
1 0026202   202167822   密集书库/ [索取号:H155/145] 在馆    
2 0026203   000853133   第二样本阅览室/ [索取号:H155/145] 在馆    
3 0026204   001795203   密集书库/ [索取号:H155/145] 在馆    
4 0026205   000853213   第四借阅区/ [索取号:H155/145] 在馆    
5 0436444   204364446   密集书库/ [索取号:H155/145] 在馆    
唐山师范学院图书馆 欢迎您!
大连网信软件有限公司© 版权所有